[Event "66th Bulgarian Individual Women's Chess Championship "]
[Site "Pleven"]
[Date "2017.02.26"]
[Round "1"]
[Board "1"]
[White "YORDANOVA, Svetla"]
[Black "IVANOVA, Dilyana"]
[Result "1-0"]
[WhiteElo "2138"]
[BlackElo "1496"]
[PlyCount "99"]
[EventDate "2017.02.26"]
[EventRounds "9"]
[EventCountry "BUL"]

1. e4 c5 2. c3 d5 3. exd5 Qxd5 4. d4 Nc6 5. Nf3 e5 6. dxe5 Qxd1+ 7. Kxd1 Bg4 8.
Bf4 Nge7 9. Be2 Ng6 10. Bg3 O-O-O+ 11. Nbd2 Bxf3 12. Bxf3 Ncxe5 13. Be2 Nd3 14.
Bg4+ Rd7 15. Bxd7+ Kxd7 16. Kc2 Ndf4 17. Bxf4 Nxf4 18. g3 Nd5 19. Rad1 Kc6 20.
Nc4 f6 21. Na5+ Kb6 22. Rxd5 Kxa5 23. Re1 g6 24. Re8 Bg7 25. b4+ Kb6 26. Re6+
Kc7 27. Re7+ Kc6 28. Rxc5+ Kd6 29. Rxg7 b6 30. Rcc7 Re8 31. Rgd7+ Ke6 32. Rxh7
Kf5 33. Rce7 Rxe7 34. Rxe7 a5 35. bxa5 bxa5 36. f3 g5 37. Ra7 Kg6 38. g4 Kh6
39. Rxa5 Kg6 40. Kd3 Kf7 41. Ke4 Kg6 42. Ra6 Kg7 43. Kf5 Kf7 44. Ra7+ Ke8 45.
Ke6 Kd8 46. Rh7 Kc8 47. Kd6 Kb8 48. Kc6 Ka8 49. Kb6 Kb8 50. Rh8# 1-0

[Event "66th Bulgarian Individual Women's Chess Championship "]
[Site "Pleven"]
[Date "2017.02.26"]
[Round "1"]
[Board "2"]
[White "IVANOVA, Simoneta"]
[Black "SHIVACHEVA, Donika"]
[Result "1-0"]
[WhiteElo "2153"]
[BlackElo "1959"]
[PlyCount "51"]
[EventDate "2017.02.26"]
[EventRounds "9"]
[EventCountry "BUL"]

1. Nf3 d5 2. d4 Nc6 3. Bf4 Nf6 4. e3 Bg4 5. h3 Bh5 6. c4 e6 7. Nc3 Ne4 8. cxd5
exd5 9. Be2 Bg6 10. O-O Nxc3 11. bxc3 Bd6 12. Bxd6 Qxd6 13. c4 O-O 14. Rc1 a6
15. cxd5 Qxd5 16. Qa4 Qd6 17. Rfd1 Rfe8 18. Bd3 Bh5 19. Be2 Bg6 20. Rd2 Be4 21.
d5 Bxd5 22. Rcd1 b5 23. Qh4 Re4 24. Rxd5 Rxh4 25. Rxd6 cxd6 26. Nxh4 1-0

[Event "66th Bulgarian Individual Women's Chess Championship "]
[Site "Pleven"]
[Date "2017.02.26"]
[Round "1"]
[Board "3"]
[White "VOISKA, Margarita"]
[Black "SALIMOVA, Nurgyul"]
[Result "1/2-1/2"]
[WhiteElo "2256"]
[BlackElo "2091"]
[PlyCount "81"]
[EventDate "2017.02.26"]
[EventRounds "9"]
[EventCountry "BUL"]

1. d4 Nf6 2. c4 g6 3. Nf3 Bg7 4. Nc3 d5 5. cxd5 Nxd5 6. Na4 O-O 7. e4 Nb6 8.
Be3 Nc6 9. Bb5 Na5 10. Rc1 c6 11. Be2 Nxa4 12. Qxa4 b5 13. Qc2 Be6 14. b3 Rc8
15. O-O Nb7 16. Rfd1 f5 17. Ng5 Bd7 18. f4 Bf6 19. Qd2 Bxg5 20. fxg5 Nd6 21. d5
Nxe4 22. Qd3 Be8 23. Bf3 cxd5 24. Rxc8 Qxc8 25. Qxd5+ Bf7 26. Qe5 Qe6 27. Qd4
Rc8 28. Bxe4 Qxe4 29. Qxe4 fxe4 30. Bxa7 Be6 31. Be3 Rc2 32. Rd2 Rxd2 33. Bxd2
Kf7 34. Kf2 Bd5 35. Ke3 e5 36. a4 bxa4 37. bxa4 Ke6 38. Bb4 Bc6 39. a5 Kd5 40.
Be1 Bb7 41. Bc3 1/2-1/2

[Event "66th Bulgarian Individual Women's Chess Championship "]
[Site "Pleven"]
[Date "2017.02.26"]
[Round "1"]
[Board "4"]
[White "RADEVA, Viktoria"]
[Black "PEYCHEVA, Gergana"]
[Result "1/2-1/2"]
[WhiteElo "2141"]
[BlackElo "2133"]
[PlyCount "140"]
[EventDate "2017.02.26"]
[EventRounds "9"]
[EventCountry "BUL"]

1. e4 c5 2. Nf3 e6 3. d4 cxd4 4. Nxd4 a6 5. Be2 Nf6 6. Nc3 Qc7 7. O-O d6 8. f4
Be7 9. Qe1 Nbd7 10. Kh1 O-O 11. Qg3 Re8 12. Be3 b5 13. Bf3 Bb7 14. e5 Nd5 15.
Nxd5 Bxd5 16. Bxd5 exd5 17. e6 Nf8 18. exf7+ Kxf7 19. Qf3 Qb7 20. Rad1 Nd7 21.
Nf5 Nf6 22. Bd4 Rad8 23. Bxf6 Bxf6 24. Rxd5 Re6 25. Qb3 Qc6 26. Rxd6 Rdxd6 27.
Nxd6+ Ke7 28. Nf5+ Kf8 29. Ng3 a5 30. Qa3+ Kf7 31. f5 Re7 32. Qxa5 Bxb2 33. Qb4
Bc3 34. Qh4 Bf6 35. Qxh7 Qxc2 36. Qh5+ Kg8 37. Rd1 Re3 38. Qg4 Qxa2 39. Ne4 Qb2
40. h4 Qe5 41. Nxf6+ Qxf6 42. Rc1 Re5 43. Rc8+ Kh7 44. Qh5+ Qh6 45. Qxh6+ gxh6
46. Rc7+ Kg8 47. f6 Rf5 48. Rg7+ Kf8 49. Rb7 Rxf6 50. Rxb5 Kg7 51. Kh2 Rf7 52.
Kg3 Rc7 53. Kg4 Kh7 54. Kh5 Rg7 55. g4 Rc7 56. Rb6 Rc5+ 57. g5 hxg5 58. Rb7+
Kg8 59. hxg5 Rc6 60. Rb8+ Kg7 61. Rb7+ Kg8 62. Ra7 Rb6 63. Ra8+ Kg7 64. Rc8 Ra6
65. Rc7+ Kg8 66. g6 Ra1 67. Kh6 Rh1+ 68. Kg5 Rg1+ 69. Kf6 Rf1+ 70. Ke6 Re1+
 1/2-1/2

[Event "66th Bulgarian Individual Women's Chess Championship "]
[Site "Pleven"]
[Date "2017.02.26"]
[Round "1"]
[Board "5"]
[White "NIKOLOVA, Adriana"]
[Black "ANTOVA, Gabriela"]
[Result "1/2-1/2"]
[WhiteElo "2352"]
[BlackElo "2072"]
[PlyCount "135"]
[EventDate "2017.02.26"]
[EventRounds "9"]
[EventCountry "BUL"]

1. e4 c5 2. c3 Nf6 3. e5 Nd5 4. d4 cxd4 5. Nf3 Nc6 6. cxd4 d6 7. Bc4 dxe5 8.
Nxe5 e6 9. O-O Be7 10. Nf3 O-O 11. Nc3 Nxc3 12. bxc3 b6 13. Qe2 Bb7 14. Bd3 Na5
15. Bd2 Bf6 16. Rac1 Rc8 17. Rfd1 Qd5 18. c4 Qh5 19. Ne5 Qxe2 20. Bxe2 Nc6 21.
Bf3 Nxd4 22. Bxb7 Bxe5 23. Bxc8 Ne2+ 24. Kf1 Nxc1 25. Bxe6 Nxa2 26. Bd5 Nc3 27.
Bxc3 Bxc3 28. Rd3 Bb4 29. Bc6 g6 30. Bb5 a5 31. Ke2 Rc8 32. Rd4 Rc7 33. f4 Re7+
34. Kf3 h5 35. g3 Re1 36. Rd8+ Kg7 37. Rd7 Bc5 38. Bc6 Re3+ 39. Kg2 Re2+ 40.
Kh1 h4 41. gxh4 Rf2 42. Ra7 Rxf4 43. Bd5 Rf2 44. h3 Rf6 45. Kg2 Bf2 46. h5 gxh5
47. Bf3 Bc5 48. Bxh5 Rf5 49. Bg4 Rf4 50. Bh5 Rf5 51. Bg4 Rf2+ 52. Kg3 Kg6 53.
Bf3 Ra2 54. Bc6 Ra3+ 55. Kg2 Rc3 56. Be8 Rc2+ 57. Kg3 Rf2 58. h4 Rf1 59. Kg4
Rg1+ 60. Kf3 Rf1+ 61. Kg4 Kg7 62. h5 Kf8 63. Bc6 Rg1+ 64. Kf5 Rf1+ 65. Kg4 Rg1+
66. Kf5 Rf1+ 67. Kg4 Rg1+ 68. Kf5 1/2-1/2

[Event "66th Bulgarian Individual Women's Chess Championship "]
[Site "Pleven"]
[Date "2017.02.27"]
[Round "2"]
[Board "1"]
[White "IVANOVA, Dilyana"]
[Black "ANTOVA, Gabriela"]
[Result "0-1"]
[WhiteElo "1496"]
[BlackElo "2072"]
[PlyCount "142"]
[EventDate "2017.02.26"]
[EventRounds "9"]
[EventCountry "BUL"]

1. e4 e5 2. Nf3 Nf6 3. Nxe5 d6 4. Nf3 Nxe4 5. d4 d5 6. Bd3 Be7 7. O-O Nc6 8. c4
Nb4 9. Be2 O-O 10. Nc3 Bf5 11. a3 Nxc3 12. bxc3 Nc6 13. cxd5 Qxd5 14. Bf4 Rac8
15. Qc1 Na5 16. c4 Qe4 17. Bd1 Bf6 18. Re1 Qc6 19. Ne5 Rfe8 20. Bf3 Qa6 21. Qb2
c5 22. Bd5 Re7 23. Re3 cxd4 24. Qxd4 Nc6 25. Bxc6 bxc6 26. Qc5 h6 27. Rd1 Qb6
28. Nd3 Qb3 29. Nb2 Rxe3 30. Bxe3 Bxb2 31. Re1 Qc3 32. Qb4 Qxb4 33. axb4 Bc3
34. Rd1 Bxb4 35. Bxa7 c5 36. Bb6 Be6 37. Rc1 Rc6 38. Bd8 Rd6 39. Bc7 Rd4 40.
Be5 Rxc4 41. Rxc4 Bxc4 42. f3 Bd3 43. Kf2 Bd2 44. g4 c4 45. h4 c3 46. Bxc3 Bxc3
47. Ke3 Bc2 48. f4 Bd1 49. g5 Be1 50. gxh6 g6 51. Ke4 Bxh4 52. Ke5 Bc2 53. Kd4
Kh7 54. Kc3 Bf5 55. Kd4 Kxh6 56. Ke5 Kg7 57. Kd6 Bg3 58. Ke5 Bh2 59. Kd4 Bxf4
60. Kc3 g5 61. Kd4 g4 62. Kc3 g3 63. Kd4 g2 64. Kd5 g1=Q 65. Kc4 Qd1 66. Kc3
Qd3+ 67. Kb4 Bd6+ 68. Ka5 Qb3 69. Ka6 Bd3+ 70. Ka7 Bc5+ 71. Ka8 Be4# 0-1

[Event "66th Bulgarian Individual Women's Chess Championship "]
[Site "Pleven"]
[Date "2017.02.27"]
[Round "2"]
[Board "2"]
[White "PEYCHEVA, Gergana"]
[Black "NIKOLOVA, Adriana"]
[Result "0-1"]
[WhiteElo "2133"]
[BlackElo "2352"]
[PlyCount "86"]
[EventDate "2017.02.26"]
[EventRounds "9"]
[EventCountry "BUL"]

1. d4 d5 2. c4 e6 3. Nc3 c6 4. e3 f5 5. Nf3 Nf6 6. Bd3 Bd6 7. O-O Ne4 8. Ne2
Nd7 9. b3 O-O 10. Bb2 Qf6 11. Rc1 g5 12. Ng3 g4 13. Nd2 Qh4 14. Bxe4 fxe4 15.
Qe2 Rf6 16. Rfd1 Nf8 17. Ndf1 Bd7 18. c5 Bc7 19. b4 Ng6 20. a4 a6 21. Qe1 Raf8
22. Rc2 Qg5 23. Ba3 R8f7 24. Ne2 Nh4 25. Nf4 Bxf4 26. exf4 Qxf4 27. Bc1 Qf5 28.
Ng3 Qg6 29. Qe3 h6 30. Kh1 Kh7 31. Rf1 Be8 32. Rb2 Kh8 33. Kg1 Rh7 34. Ne2 Nf5
35. Nf4 Qf7 36. Qc3 h5 37. Be3 h4 38. Qc1 g3 39. fxg3 hxg3 40. Nh3 gxh2+ 41.
Kxh2 Nxe3 42. Rxf6 Ng4+ 43. Kg1 Qxf6 0-1

[Event "66th Bulgarian Individual Women's Chess Championship "]
[Site "Pleven"]
[Date "2017.02.27"]
[Round "2"]
[Board "3"]
[White "SALIMOVA, Nurgyul"]
[Black "RADEVA, Viktoria"]
[Result "1-0"]
[WhiteElo "2091"]
[BlackElo "2141"]
[PlyCount "55"]
[EventDate "2017.02.26"]
[EventRounds "9"]
[EventCountry "BUL"]

1. d4 Nf6 2. c4 e6 3. Nf3 d5 4. Nc3 dxc4 5. e4 Bb4 6. Bg5 c5 7. Bxc4 cxd4 8. a3
Ba5 9. Nxd4 O-O 10. O-O h6 11. Bh4 Bxc3 12. bxc3 e5 13. Nb5 Nbd7 14. Qf3 a6 15.
Nd6 Qc7 16. Rfd1 b5 17. Ba2 Bb7 18. Qf5 Rab8 19. Rac1 Ba8 20. Bxf6 Nxf6 21.
Qxe5 Qb6 22. Qd4 Qc6 23. f3 Rbd8 24. c4 Ne8 25. c5 Nc7 26. Qe5 a5 27. Nf5 Rxd1+
28. Rxd1 1-0

[Event "66th Bulgarian Individual Women's Chess Championship "]
[Site "Pleven"]
[Date "2017.02.27"]
[Round "2"]
[Board "4"]
[White "SHIVACHEVA, Donika"]
[Black "VOISKA, Margarita"]
[Result "0-1"]
[WhiteElo "1959"]
[BlackElo "2256"]
[PlyCount "86"]
[EventDate "2017.02.26"]
[EventRounds "9"]
[EventCountry "BUL"]

1. e4 g6 2. Nc3 Bg7 3. f4 c6 4. Bc4 e6 5. Nf3 d5 6. Bb3 dxe4 7. Nxe4 Nf6 8. Qe2
Nxe4 9. Qxe4 Nd7 10. d4 a5 11. c3 a4 12. Bc2 c5 13. Be3 a3 14. Bb3 axb2 15. Rb1
Nf6 16. Qc2 Nd5 17. Bxd5 Qxd5 18. Rxb2 cxd4 19. Bxd4 Bxd4 20. Nxd4 Qc4 21. Kf2
O-O 22. Re1 Qc7 23. Qd2 Rd8 24. Qe3 Ra5 25. Nb5 Qe7 26. Kg1 Ra4 27. Nd4 Qa3 28.
Rd2 Qc5 29. Kh1 Rf8 30. Qd3 b6 31. h3 Ba6 32. Qf3 Bc4 33. Nb3 Qc7 34. Qf2 Bd5
35. Rd4 Rfa8 36. Re2 Qxc3 37. Rxa4 Rxa4 38. Qxb6 Kg7 39. Kh2 Rxf4 40. Qd6 Rf1
41. Qb6 Rd1 42. Qf2 Qc7+ 43. Qg3 Rh1+ 0-1

[Event "66th Bulgarian Individual Women's Chess Championship "]
[Site "Pleven"]
[Date "2017.02.27"]
[Round "2"]
[Board "5"]
[White "YORDANOVA, Svetla"]
[Black "IVANOVA, Simoneta"]
[Result "0-1"]
[WhiteElo "2138"]
[BlackElo "2153"]
[PlyCount "138"]
[EventDate "2017.02.26"]
[EventRounds "9"]
[EventCountry "BUL"]

1. d4 Nf6 2. Bg5 Ne4 3. Bf4 d5 4. f3 Nf6 5. Nc3 c5 6. e3 a6 7. Qd2 cxd4 8. exd4
Nc6 9. g4 e6 10. Nge2 Bb4 11. a3 Bd6 12. Bxd6 Qxd6 13. Ng3 O-O 14. O-O-O b5 15.
Rg1 b4 16. Nb1 bxa3 17. Nxa3 Rb8 18. Nh5 Ne8 19. g5 Nb4 20. Kb1 e5 21. dxe5
Qxe5 22. Qf4 Qxf4 23. Nxf4 Nc7 24. Nd3 Bf5 25. c3 Nc6 26. Nc2 Rb6 27. Kc1 Rfb8
28. b4 a5 29. Kd2 axb4 30. cxb4 Bxd3 31. Bxd3 Nxb4 32. Nxb4 Rxb4 33. Rc1 Ne6
34. Ke3 g6 35. Ra1 d4+ 36. Kf2 Rb2+ 37. Kg3 Nxg5 38. h4 Ne6 39. Rad1 Nc5 40.
Bc4 Rd8 41. Rge1 Rc2 42. Rc1 Rxc1 43. Rxc1 d3 44. Ra1 Rd4 45. Bb5 Kg7 46. Rd1
h5 47. Rd2 Kf6 48. Kh3 Ke5 49. Kg3 Kd6 50. Be8 Ke7 51. Bb5 f6 52. Kh3 g5 53.
hxg5 fxg5 54. Kg3 Kf6 55. Kf2 h4 56. Ke3 Ke5 57. Rg2 Ne6 58. Rg1 d2 59. Be2 h3
60. Bd1 Rd8 61. Rh1 Nf4 62. Rh2 Rd3+ 63. Kf2 Kd4 64. Kg3 Kc3 65. Kg4 Rd5 66.
Kg3 Re5 67. Kg4 Nd3 68. Kxh3 Nb2 69. f4 Re3+ 0-1

[Event "66th Bulgarian Individual Women's Chess Championship "]
[Site "Pleven"]
[Date "2017.02.28"]
[Round "3"]
[Board "1"]
[White "IVANOVA, Simoneta"]
[Black "IVANOVA, Dilyana"]
[Result "1-0"]
[WhiteElo "2153"]
[BlackElo "1496"]
[PlyCount "106"]
[EventDate "2017.02.26"]
[EventRounds "9"]
[EventCountry "BUL"]

1. d4 Nf6 2. c4 e6 3. Nc3 Bb4 4. e3 c5 5. Bd3 O-O 6. Nf3 cxd4 7. exd4 d5 8. O-O
dxc4 9. Bxc4 b6 10. Bg5 Bb7 11. Rc1 h6 12. Bh4 Nbd7 13. Qe2 Rc8 14. Ba6 Bxa6
15. Qxa6 Qc7 16. Bg3 Bd6 17. Ne2 Nb8 18. Rxc7 Nxa6 19. Rxc8 Rxc8 20. Bxd6 Rc2
21. Nc3 Rxb2 22. Ba3 Rc2 23. Rc1 Rxc1+ 24. Bxc1 Nb4 25. Kf1 g5 26. Ne5 Kg7 27.
Ke2 Nfd5 28. Nxd5 Nxa2 29. Bd2 exd5 30. Kd3 a5 31. Kc2 f6 32. Nc6 Kf7 33. Kb3
Nb4 34. Nxb4 axb4 35. Kxb4 Ke6 36. Kb5 f5 37. f4 g4 38. Kxb6 h5 39. g3 Kd6 40.
Bb4+ Kd7 41. Kc5 Ke6 42. Kc6 Kf7 43. Kxd5 Ke8 44. Ke6 Kd8 45. Kxf5 Kd7 46. d5
Kc7 47. Ke6 Kd8 48. Be7+ Kc7 49. d6+ Kb8 50. d7 Kb7 51. d8=Q Ka6 52. Kd7 Kb7
53. Qc7+ Ka6 1-0

[Event "66th Bulgarian Individual Women's Chess Championship "]
[Site "Pleven"]
[Date "2017.02.28"]
[Round "3"]
[Board "2"]
[White "VOISKA, Margarita"]
[Black "YORDANOVA, Svetla"]
[Result "1-0"]
[WhiteElo "2256"]
[BlackElo "2138"]
[PlyCount "95"]
[EventDate "2017.02.26"]
[EventRounds "9"]
[EventCountry "BUL"]

1. c4 Nf6 2. Nf3 g6 3. Nc3 Bg7 4. e4 d6 5. d4 O-O 6. h3 e5 7. dxe5 dxe5 8. Be3
Nbd7 9. Qc2 c6 10. Rd1 Qe7 11. a3 h6 12. b4 a5 13. c5 axb4 14. axb4 Nh5 15. g3
Ndf6 16. Bg2 Ne8 17. O-O Be6 18. Rfe1 Nc7 19. Rd6 Kh7 20. Nh4 Ra3 21. Bc1 Rxc3
22. Qxc3 Nb5 23. Qd3 Nxd6 24. cxd6 Qd7 25. g4 Nf6 26. Bb2 Ne8 27. Rd1 f6 28.
Bc1 g5 29. Nf5 Rf7 30. h4 Qd8 31. hxg5 fxg5 32. Nxg7 Nxg7 33. Qg3 Qb6 34. Be3
Qxb4 35. Qxe5 Bxg4 36. Rd2 Bd7 37. Qb2 Qxb2 38. Rxb2 Be6 39. Bb6 Ne8 40. e5 Kg7
41. Rb4 Rd7 42. Ra4 Kf7 43. Ra8 Ng7 44. Rh8 h5 45. Rh6 Kg8 46. Be4 h4 47. Be3
Nf5 48. Rxe6 1-0

[Event "66th Bulgarian Individual Women's Chess Championship "]
[Site "Pleven"]
[Date "2017.02.28"]
[Round "3"]
[Board "3"]
[White "RADEVA, Viktoria"]
[Black "SHIVACHEVA, Donika"]
[Result "1-0"]
[WhiteElo "2141"]
[BlackElo "1959"]
[PlyCount "111"]
[EventDate "2017.02.26"]
[EventRounds "9"]
[EventCountry "BUL"]

1. e4 d5 2. exd5 Qxd5 3. Nc3 Qd8 4. d4 Nf6 5. Nf3 Bg4 6. Be2 e6 7. O-O c6 8.
Be3 Bd6 9. Ne5 Bxe2 10. Qxe2 Qc7 11. Bf4 Nbd7 12. Rfe1 O-O 13. Bg3 Rad8 14.
Rad1 a6 15. Qf3 Nb6 16. Bh4 Be7 17. Ne2 c5 18. c3 cxd4 19. Nxd4 Rd5 20. Nd3
Rfd8 21. Bg3 Bd6 22. Nf4 Bxf4 23. Bxf4 Qd7 24. Rd2 Nh5 25. Rde2 Nxf4 26. Qxf4
Nc8 27. Nf3 Rf5 28. Qg4 Ne7 29. h3 Ng6 30. Rd2 Qc7 31. Rxd8+ Qxd8 32. Qe4 Rb5
33. b3 h6 34. c4 Rb6 35. g3 Qd7 36. Kg2 Rd6 37. h4 h5 38. Re2 Rd1 39. Re1 Rxe1
40. Nxe1 Ne7 41. Nf3 Nc6 42. Ng5 g6 43. Qf4 Kg7 44. Ne4 Qd4 45. Qf3 f5 46. Ng5
Qf6 47. Qd3 Qe7 48. c5 Kf6 49. Qc3+ e5 50. Qc4 Nd4 51. Qg8 f4 52. gxf4 exf4 53.
Qh8+ Qg7 54. Ne4+ Kf7 55. Nd6+ Kf6 56. Ne8+ 1-0

[Event "66th Bulgarian Individual Women's Chess Championship "]
[Site "Pleven"]
[Date "2017.02.28"]
[Round "3"]
[Board "4"]
[White "NIKOLOVA, Adriana"]
[Black "SALIMOVA, Nurgyul"]
[Result "1/2-1/2"]
[WhiteElo "2352"]
[BlackElo "2091"]
[PlyCount "67"]
[EventDate "2017.02.26"]
[EventRounds "9"]
[EventCountry "BUL"]

1. e4 c5 2. c3 Nf6 3. e5 Nd5 4. d4 cxd4 5. Nf3 Nc6 6. Bc4 Nb6 7. Bb3 d5 8. exd6
Qxd6 9. cxd4 Be6 10. O-O Bxb3 11. Qxb3 e6 12. Nc3 Be7 13. Rd1 Qb4 14. Qc2 O-O
15. a3 Qd6 16. b4 Rac8 17. Qb3 Rfd8 18. g3 Nd5 19. Ne4 Qb8 20. Bb2 b6 21. Rac1
Qa8 22. Qd3 h6 23. Qe2 Bf8 24. Rc2 a5 25. b5 Na7 26. Rxc8 Rxc8 27. Ne5 Rc7 28.
Rc1 Rxc1+ 29. Bxc1 Qc8 30. Bb2 a4 31. Qd1 Nxb5 32. Qxa4 Nd6 33. Nd2 Qc7 34. Qb3
 1/2-1/2

[Event "66th Bulgarian Individual Women's Chess Championship "]
[Site "Pleven"]
[Date "2017.02.28"]
[Round "3"]
[Board "5"]
[White "ANTOVA, Gabriela"]
[Black "PEYCHEVA, Gergana"]
[Result "1-0"]
[WhiteElo "2072"]
[BlackElo "2133"]
[PlyCount "97"]
[EventDate "2017.02.26"]
[EventRounds "9"]
[EventCountry "BUL"]

1. d4 Nf6 2. c4 e6 3. Nf3 b6 4. a3 c5 5. Nc3 Bb7 6. d5 exd5 7. cxd5 g6 8. e4
Bg7 9. Bg5 h6 10. Bh4 O-O 11. e5 Qe8 12. Nb5 Nxd5 13. Nd6 Qe6 14. Nxb7 Bxe5 15.
Nxe5 Qxe5+ 16. Be2 Qxb2 17. Rb1 Qc3+ 18. Kf1 Nf4 19. Rb3 Qg7 20. Bf3 Nc6 21.
Nd6 Nd4 22. Bxa8 Nxb3 23. Bb7 Nd4 24. Bg3 Nh5 25. Nc4 Re8 26. Ne3 f5 27. Bd6
Kh7 28. g3 Qf6 29. Nc4 Qe6 30. Qd3 Nf6 31. Kg2 Ng4 32. h3 Nf6 33. a4 Nd5 34.
Rb1 h5 35. h4 f4 36. Be5 f3+ 37. Kh2 Nf6 38. Bxd4 Ng4+ 39. Kg1 cxd4 40. Bxf3 d5
41. Bxg4 Qxg4 42. Nd2 Rc8 43. Qf3 Qxf3 44. Nxf3 Rc3 45. Kg2 d3 46. a5 Rc2 47.
axb6 axb6 48. Rb3 d2 49. Rd3 1-0

[Event "66th Bulgarian Individual Women's Chess Championship "]
[Site "Pleven"]
[Date "2017.03.01"]
[Round "4"]
[Board "1"]
[White "IVANOVA, Dilyana"]
[Black "PEYCHEVA, Gergana"]
[Result "0-1"]
[WhiteElo "1496"]
[BlackElo "2133"]
[PlyCount "126"]
[EventDate "2017.02.26"]
[EventRounds "9"]
[EventCountry "BUL"]

1. e4 c5 2. Nf3 e6 3. d4 cxd4 4. Nxd4 Nc6 5. Nc3 a6 6. Be3 Qc7 7. Be2 Nf6 8.
O-O Be7 9. Qd2 O-O 10. Kh1 d6 11. f4 Nxd4 12. Bxd4 e5 13. Be3 Bd7 14. f5 Bc6
15. Bf3 b5 16. a3 Rac8 17. g4 Qb7 18. Qg2 Rfd8 19. g5 Ne8 20. f6 Bf8 21. h4 b4
22. axb4 Qxb4 23. Rab1 d5 24. Bd2 dxe4 25. Nxe4 Qb7 26. h5 Rd4 27. Rbe1 Nd6 28.
Nxd6 Bxd6 29. Bxc6 Qxc6 30. Qxc6 Rxc6 31. Bc3 Rh4+ 32. Kg2 Rxh5 33. Rf5 gxf6
34. Rxf6 Rxg5+ 35. Kf1 Rg6 36. Bxe5 Bxe5 37. Rxg6+ hxg6 38. Rxe5 Rxc2 39. Re8+
Kg7 40. Ra8 Rxb2 41. Rxa6 g5 42. Rc6 f6 43. Rc4 Kg6 44. Kg1 f5 45. Kf1 g4 46.
Kg1 Kg5 47. Kf1 f4 48. Rc8 Kh4 49. Rc3 f3 50. Rc4 Kg3 51. Rc1 Rh2 52. Ke1 Rh1+
53. Kd2 Rxc1 54. Kxc1 f2 55. Kd2 f1=Q 56. Kc3 Qe2 57. Kd4 Kf4 58. Kd5 g3 59.
Kd6 g2 60. Kd5 g1=R 61. Kc6 Qc2+ 62. Kb6 Rb1+ 63. Ka5 Qa2# 0-1

[Event "66th Bulgarian Individual Women's Chess Championship "]
[Site "Pleven"]
[Date "2017.03.01"]
[Round "4"]
[Board "2"]
[White "SALIMOVA, Nurgyul"]
[Black "ANTOVA, Gabriela"]
[Result "1-0"]
[WhiteElo "2091"]
[BlackElo "2072"]
[PlyCount "53"]
[EventDate "2017.02.26"]
[EventRounds "9"]
[EventCountry "BUL"]

1. e4 c5 2. c3 Nf6 3. e5 Nd5 4. Nf3 Nc6 5. d4 cxd4 6. cxd4 d6 7. Bc4 dxe5 8.
Bxd5 Qxd5 9. Nc3 Qd6 10. d5 Nd4 11. Nxd4 exd4 12. Qxd4 e5 13. Qe4 f5 14. Qe2
Be7 15. Nb5 Qb4+ 16. Bd2 Qxb2 17. Nc7+ Kf7 18. O-O Rb8 19. d6 Bxd6 20. Qc4+ Kg6
21. Nb5 a6 22. Nxd6 Qxd2 23. Qf7+ Kh6 24. Qe7 Kh5 25. Nf7 Rg8 26. Rad1 Qf4 27.
g3 1-0

[Event "66th Bulgarian Individual Women's Chess Championship "]
[Site "Pleven"]
[Date "2017.03.01"]
[Round "4"]
[Board "3"]
[White "SHIVACHEVA, Donika"]
[Black "NIKOLOVA, Adriana"]
[Result "0-1"]
[WhiteElo "1959"]
[BlackElo "2352"]
[PlyCount "162"]
[EventDate "2017.02.26"]
[EventRounds "9"]
[EventCountry "BUL"]

1. e4 d5 2. exd5 Qxd5 3. Nc3 Qd8 4. d4 Nf6 5. Nf3 a6 6. h3 b5 7. a3 Bb7 8. Be2
e6 9. Bf4 Bd6 10. Qd2 O-O 11. O-O Nc6 12. Rad1 b4 13. axb4 Nxb4 14. Ne5 Rc8 15.
Bg3 Be7 16. Bf3 Bxf3 17. Nxf3 c5 18. Qe2 Qe8 19. Ne4 Nxe4 20. Qxe4 c4 21. c3
Nd5 22. Ra1 Qb5 23. Ra2 a5 24. Rfa1 Ra8 25. Qc2 Ra7 26. Nd2 Nb6 27. Re1 a4 28.
Re5 Nd5 29. Re1 Rfa8 30. Rea1 g6 31. Qc1 Bg5 32. Bd6 Ra6 33. Bc5 Nf4 34. Qc2
Nd3 35. Ne4 Bh6 36. Qe2 Qc6 37. Rb1 f5 38. Nd2 Bxd2 39. Qxd2 Nxc5 40. dxc5 Qxc5
41. Rd1 R6a7 42. Raa1 Rb8 43. Qe2 e5 44. Rd2 Rc8 45. Rad1 Qe7 46. Rd5 e4 47.
R1d4 Rac7 48. Qd2 Rf8 49. Qe2 a3 50. bxa3 Qxa3 51. Qd2 Kg7 52. Rd7+ Rf7 53.
Rxc7 Rxc7 54. Rd7+ Rxd7 55. Qxd7+ Kh6 56. Qd4 Qc1+ 57. Kh2 Qe1 58. g3 Qe2 59.
Kg1 Qd3 60. Qf6 Qd1+ 61. Kh2 Qd7 62. h4 Qa7 63. Kg2 Qb7 64. Kh2 Qa7 65. Kg2 e3
66. Qg5+ Kg7 67. fxe3 Qb7+ 68. Kf2 Qd7 69. Kg2 Qd2+ 70. Kh3 Kf7 71. Qf4 Qxc3
72. Qc7+ Ke6 73. Qxh7 Qd3 74. Qxg6+ Kd5 75. Qf7+ Ke4 76. Qe6+ Kf3 77. h5 c3 78.
Qc6+ Qe4 79. Qc7 c2 80. Kh2 Kf2 81. Kh3 Qh1# 0-1

[Event "66th Bulgarian Individual Women's Chess Championship "]
[Site "Pleven"]
[Date "2017.03.01"]
[Round "4"]
[Board "4"]
[White "YORDANOVA, Svetla"]
[Black "RADEVA, Viktoria"]
[Result "1/2-1/2"]
[WhiteElo "2138"]
[BlackElo "2141"]
[PlyCount "67"]
[EventDate "2017.02.26"]
[EventRounds "9"]
[EventCountry "BUL"]

1. d4 Nf6 2. Nf3 d5 3. c4 e6 4. g3 dxc4 5. Qa4+ c6 6. Qxc4 b5 7. Qc2 Bb7 8. Bg2
Nbd7 9. O-O c5 10. dxc5 Bxc5 11. Nc3 a6 12. Bg5 Qb6 13. e4 Rc8 14. Qe2 O-O 15.
Rad1 h6 16. Bf4 Rfd8 17. Ne5 Bd4 18. Nxd7 Rxd7 19. Rc1 e5 20. Bd2 Rcd8 21. Rc2
b4 22. Nd1 a5 23. Ne3 Nxe4 24. Nc4 Qg6 25. Be3 Ba6 26. Rfc1 Bxe3 27. Qxe3 Rd1+
28. Bf1 Bxc4 29. Rxc4 Ng5 30. h4 Ne6 31. Qxe5 R1d5 32. Qe3 Qf6 33. R4c2 Nd4 34.
Rc8 1/2-1/2

[Event "66th Bulgarian Individual Women's Chess Championship "]
[Site "Pleven"]
[Date "2017.03.01"]
[Round "4"]
[Board "5"]
[White "IVANOVA, Simoneta"]
[Black "VOISKA, Margarita"]
[Result "1/2-1/2"]
[WhiteElo "2153"]
[BlackElo "2256"]
[PlyCount "87"]
[EventDate "2017.02.26"]
[EventRounds "9"]
[EventCountry "BUL"]

1. d4 d6 2. Bf4 Nd7 3. Nf3 g6 4. e4 Bg7 5. Nc3 e6 6. Qd2 a6 7. h4 h6 8. e5 d5
9. Be2 Ne7 10. Nd1 c5 11. c3 Nc6 12. g3 b5 13. Kf1 Bb7 14. Kg2 Nb6 15. Ne3 cxd4
16. cxd4 Nc4 17. Qc1 Rc8 18. b3 Nxd4 19. Nxd4 Nxe5 20. Qd2 Nd7 21. Bf3 e5 22.
Rae1 O-O 23. Nxd5 Bxd5 24. Bxd5 exf4 25. Nc6 Rxc6 26. Bxc6 Ne5 27. Qxd8 Rxd8
28. Bf3 Rd3 29. Rxe5 Bxe5 30. Rd1 Rc3 31. Rd8+ Kg7 32. Rd2 fxg3 33. fxg3 h5 34.
Re2 f6 35. Rd2 Kh6 36. Re2 a5 37. Re1 a4 38. bxa4 bxa4 39. Re4 a3 40. Re2 Bc7
41. Re4 f5 42. Re6 Kg7 43. Rc6 Rxc6 44. Bxc6 1/2-1/2

[Event "66th Bulgarian Individual Women's Chess Championship "]
[Site "Pleven"]
[Date "2017.03.02"]
[Round "5"]
[Board "1"]
[White "VOISKA, Margarita"]
[Black "IVANOVA, Dilyana"]
[Result "1-0"]
[WhiteElo "2256"]
[BlackElo "1496"]
[PlyCount "97"]
[EventDate "2017.02.26"]
[EventRounds "9"]
[EventCountry "BUL"]

1. c4 c5 2. g3 Nc6 3. Bg2 g6 4. Nc3 Bg7 5. e3 Nf6 6. Nge2 O-O 7. d4 d6 8. O-O
Bg4 9. d5 Na5 10. h3 Bd7 11. b3 Qc8 12. Kh2 a6 13. a4 Rd8 14. Bd2 Qc7 15. Rb1
Rab8 16. Qe1 b6 17. e4 e5 18. Nc1 Ne8 19. Nd3 Kh8 20. f4 f5 21. Rf2 Nf6 22.
fxe5 dxe5 23. exf5 Bxf5 24. Ne4 Nxe4 25. Bxe4 Bxe4 26. Qxe4 Rf8 27. Rxf8+ Rxf8
28. Bc3 Re8 29. Nf4 Qf7 30. Ne6 Qf2+ 31. Qg2 Qxg2+ 32. Kxg2 Re7 33. Bxa5 bxa5
34. Nxc5 Ra7 35. d6 Bf6 36. Rf1 Bg5 37. d7 Ra8 38. Ne6 Be7 39. d8=Q+ Rxd8 40.
Nxd8 Bxd8 41. Rf8+ Kg7 42. Rxd8 Kf6 43. c5 e4 44. c6 e3 45. Kf3 Ke7 46. c7 Kf6
47. c8=Q Ke5 48. Qc6 g5 49. Rd5# 1-0